Statistics for All native languages of the British Isles

Click here to take the quiz!

General Stats

  • This quiz has been taken 266 times
  • The average score is 8 of 13

Answer Stats

native toAnswer% Correct
all the British IslesEnglish
99%
Republic of IrelandIrish
99%
WalesWelsh
99%
ScotlandScots
94%
CornwallCornish
88%
ScotlandScottish Gaelic
87%
Isle of ManManx
77%
All Channel IslandsFrench
53%
England & Walesanglo-romani
50%
Northern IrelandUlster-Scots
30%
JerseyJèrriais
22%
All British isles (gypsy community)shelta
17%
Guernsey & AldernyGuernésiais
14%

Score Distribution

Percentile by Number Answered

Percent of People with Each Score

Your Score History

You have not taken this quiz